The Believer's School of Prayer/ (Record no. 7056)
[ view plain ]
| 000 -LEADER | |
|---|---|
| fixed length control field | 02088cam a2200325 a 4500 |
| 001 - CONTROL NUMBER | |
| control field | 49283768 |
| 003 - CONTROL NUMBER IDENTIFIER | |
| control field | OCoLC |
| 005 - DATE AND TIME OF LATEST TRANSACTION | |
| control field | 20190122172218.0 |
| 008 - FIXED-LENGTH DATA ELEMENTS--GENERAL INFORMATION | |
| fixed length control field | 020225s2002 mnu 000 0 eng |
| 010 ## - LIBRARY OF CONGRESS CONTROL NUMBER | |
| LC control number | 2002002803 |
| 020 ## - INTERNATIONAL STANDARD BOOK NUMBER | |
| International Standard Book Number | 0764225960 (pbk.) |
| 020 ## - INTERNATIONAL STANDARD BOOK NUMBER | |
| International Standard Book Number | 0871231956 (pbk.) |
| 035 ## - SYSTEM CONTROL NUMBER | |
| System control number | (OCoLC)49283768 |
| 040 ## - CATALOGING SOURCE | |
| Original cataloging agency | DLC |
| Language of cataloging | eng |
| Transcribing agency | DLC |
| Modifying agency | BAKER |
| -- | BTCTA |
| -- | OCLCG |
| -- | IDA |
| -- | OCLCO |
| -- | OCLCA |
| -- | OCLCF |
| 050 00 - LIBRARY OF CONGRESS CALL NUMBER | |
| Classification number | BV210.3 |
| Item number | .M875 2002 |
| 082 00 - DEWEY DECIMAL CLASSIFICATION NUMBER | |
| Classification number | 248.32 |
| Edition number | 21 |
| Item number | M981b |
| 092 0# - LOCALLY ASSIGNED DEWEY CALL NUMBER (OCLC) | |
| Classification number | 248.32 |
| Item number | M9812 |
| 100 1# - MAIN ENTRY--PERSONAL NAME | |
| Personal name | Murray, Andrew, |
| Dates associated with a name | 1828-1917. |
| 245 10 - TITLE STATEMENT | |
| Title | The Believer's School of Prayer/ |
| Statement of responsibility, etc. | Andrew Murray. |
| 246 1# - VARYING FORM OF TITLE | |
| Display text | Other title information from cover: |
| Title proper/short title | Classic devotions edited for today's reader |
| 250 ## - EDITION STATEMENT | |
| Edition statement | Rev. and updated. |
| 260 ## - PUBLICATION, DISTRIBUTION, ETC. | |
| Place of publication, distribution, etc. | Minneapolis, Minn. : |
| Name of publisher, distributor, etc. | Bethany House Publishers, |
| Date of publication, distribution, etc. | c1982. |
| 300 ## - PHYSICAL DESCRIPTION | |
| Extent | 201 p. ; |
| Dimensions | 21 cm. |
| 500 ## - GENERAL NOTE | |
| General note | Rev. ed. of: The believer's school of prayer. 1982. |
| 505 0# - FORMATTED CONTENTS NOTE | |
| Formatted contents note | The only teacher -- The true worshippers -- Alone with God -- The model prayer -- The certainty of the answer to prayer -- The infinite fatherliness of God -- The all-comprehensive gift -- The boldness of God's friends -- Prayer provides laborers -- Prayer must be definite -- The faith that takes -- The secret of believing prayer -- The cure of unbelief -- Prayer and love -- The power of united prayer -- The power of persevering prayer -- Prayer in harmony with the being of God -- Prayer in harmony with the destiny of man -- Power for praying and working -- The chief end of prayer -- The all-inclusive condition -- The Word and prayer -- Obedience, the path to power in prayer -- The all-prevailing plea -- The Holy Spirit and prayer -- Christ the intercessor -- Christ the high priest -- Christ the sacrifice -- Our boldness in prayer -- The ministry of intercession -- A life of prayer -- Appendix: George Muller and the secret of his power in prayer. |
| 650 #0 - SUBJECT ADDED ENTRY--TOPICAL TERM | |
| Topical term or geographic name entry element | Prayer |
| General subdivision | Christianity. |
| 700 1# - ADDED ENTRY--PERSONAL NAME | |
| Personal name | Murray, Andrew, |
| Dates associated with a name | 1828-1917. |
| Title of a work | With Christ in the school of prayer. |
| 700 1# - ADDED ENTRY--PERSONAL NAME | |
| Personal name | Murray, Andrew, |
| Dates associated with a name | 1828-1917. |
| Title of a work | Believer's school of prayer. |
| 942 ## - ADDED ENTRY ELEMENTS (KOHA) | |
| Source of classification or shelving scheme | Dewey Decimal Classification |
| Koha item type | Books |
| Withdrawn status | Lost status | Source of classification or shelving scheme | Damaged status | Not for loan | Collection code | Home library | Current library | Shelving location | Date acquired | Cost, normal purchase price | Total Checkouts | Full call number | Barcode | Date last seen | Price effective from | Koha item type |
|---|---|---|---|---|---|---|---|---|---|---|---|---|---|---|---|---|
| Dewey Decimal Classification | Non-fiction | Harvest Mission College | Harvest Mission College | General Stacks | 22.01.2019 | 190.00 | 248.32 M981b | 008029 | 22.01.2019 | 22.01.2019 | Books |
